00729nam a22002057a 45000010005000000030009000050050017000140070005000310080028000360200015000640400022000791000019001012400097001202450150002172600046003673000023004134900027004367000033004638300027004960166DO-SdBNP20180207115603.00166151005b1989 sp 00| 0 spa d a8422627957 aBPMSUbspacBPMSU1 aForrest, David10aAnd to my Nephew Albert i leave the island what i won off fatty hagan in a pocker gameleng.10aY a mi sobrino Albert le dejo la isla que le gané a Fatty Hagan en una partida de póquer /cDavid Forrest ; traducción Gabriel López Guix aBarcelona :bCirculo de lectores, c1989. a252 p.. :c22 cm.1 aCirculo de lectoresv71 aLópez Guix, Gabrieletrad. 0aCirculo de lectoresn7